Condiciones de vida y construcción de identidades juveniles: el caso de los jóvenes pobres y excluidos en España /
El siguiente artículo tiene por objetivo comprender la vinculación entre la posición social de un grupo de jóvenes (con distintas características socio-ocupacionales) con los procesos y contenidos que median la construcción de su identidad. Las discusiones obtenidas de los jóvenes destacan las vincu...
Guardat en:
| Autor principal: | |
|---|---|
| Altres autors: | , |
| Format: | Text |
| Matèries: | |
| Etiquetes: |
Afegir etiqueta
Sense etiquetes, Sigues el primer a etiquetar aquest registre!
|
MARC
| LEADER | 00000 a a2200000 04500 | ||
|---|---|---|---|
| 001 | 46352 | ||
| 003 | |||
| 040 | |||
| 100 | |a Brunet, Ignasi | ||
| 245 | |a Condiciones de vida y construcción de identidades juveniles: |b el caso de los jóvenes pobres y excluidos en España / |c Ignasi Brunet, Alejandro Pizzi, Francesc Valls Fonayet | ||
| 520 | |a El siguiente artículo tiene por objetivo comprender la vinculación entre la posición social de un grupo de jóvenes (con distintas características socio-ocupacionales) con los procesos y contenidos que median la construcción de su identidad. Las discusiones obtenidas de los jóvenes destacan las vinculaciones entre las condiciones de vida y la construcción de subjetividad, en la medida en que el sentido que ellos perciben de su existencia están fuertemente vinculado a las condiciones sociales y materiales que les envuelven. Además se explicitan ciertos mecanismos de resistencia a la degradación moral proveniente de sus bajo status social. | ||
| 590 | |a AMB/SETIEMBRE2014 | ||
| 650 | |a A)ADOLESCENTES | ||
| 650 | |a B)CONDICIONES DE VIDA | ||
| 650 | |a C)POBREZA | ||
| 650 | |a D)IDENTIDAD PERSONAL (TESAURO ISOC DE PSICOLOGIA) | ||
| 650 | |a E)SUBJETIVIDAD (CIDCACS) | ||
| 650 | |a F)ESPAÑA | ||
| 700 | |a Pizzi, Alejandro | ||
| 700 | |a Valls Fonayet, Francesc | ||
| 773 | |g volumen75, número4 ( , 2013), páginas 647-674 : tabla | ||
| 999 | |c 26583 |d 26583 | ||
